Películas de Steven Spielberg - Estadísticas

Estadísticas generales
  • Esta prueba ha sido intentada 388 veces
  • La puntuación promedio es 11 de 31
Estadísticas de respuestas
Reparto Película % Correcto
Harrison Ford, Shia Labeouf Indiana Jones y el Reino de la Calavera de Cristal
77%
Harrison Ford, Kate Capshaw Indiana Jones y el Templo Maldito
77%
Harrison Ford, Sean Connery Indiana Jones y la Última Cruzada
77%
Jeff Goldblum, Sam Neill Jurassic Park (Parque Jurásico)
77%
Henry Thomas, Drew Barrymore E.T El Extraterrestre
72%
Richard Dreyfuss, Roy Schneider Tiburón
70%
Tom Hanks, Leonardo Di Caprio Atrapame si Puedes
60%
Jeff Goldblum, Julianne Moore El Mundo Perdido: Jurassic Park
60%
Liam Neeson, Ralph Fiennes La Lista de Schindler
59%
Tom Hanks, Matt Damon Salvar al Soldado Ryan
45%
Richard Dreyfuss, Teri Garr Encuentros en la Tercera Fase
33%
Tom Hanks, Catherine Zeta Jones La Terminal
32%
Jude Law, Haley Joel Osment A.I Inteligencia Artificial
29%
Daniel Day Lewis, Sally Field Lincoln
29%
Tye Sheridan, Mark Rylance Ready Player One
25%
Robin Williams, Dustin Hoffman Hook (El Capitán Garfio)
24%
Christian Bale, John Malkovich El Imperio del Sol
23%
Harrison Ford, Karen Allen En Busca del Arca Perdida
22%
Tom Hanks, Meryl Streep Los Archivos del Pentágono
22%
Eric Bana, Daniel Craig Munich
21%
Tom Hanks, Mark Rylance El Puente de los Espías
20%
Tom Cruise, Colin Farrell Minority Report
19%
Dennis Weaver, Jacqueline Scott El Diablo Sobre Ruedas
18%
Tom Cruise, Tim Robbins La Guerra de los Mundos
18%
Jeremy Irvin, Tom Hiddleston Caballo de Batalla
16%
Jamie Bell, Daniel Craig Las Aventuras de Tintin: El Secreto del Unicornio
15%
Matthew McCounaghey, Djimon Hounsou Amistad
14%
Dan Aykroyd, John Belushi 1941
10%
Mark Rylance, Ruby Barnhill Mi Amigo el Gigante
9%
Richard Dreyfuss, Holly Hunter Always (Para Siempre)
7%
Goldie Hawn, Ben Johnson Loca Evasión
6%
No se encontraron pruebas coincidentes
Distribución de puntuación
Porcentaje de gente con cada puntuación
Porcentaje por número respondido
Historial de tus puntuaciones
No has intentado esta prueba.